00606nam a2200193Ia 4500008004100000020002300041040001900064041001200083082001700095245012000112260006900232300001700301630001400318650001500332651001700347700002500364942000700389999001600396131103s9999 xx 000 0 und d a143027689cRs. 195 aLoreto College aEnglish a793.73,bBAS aMastermind India 3b Questions and Answers from the BBC World TV Quiz Game cEdited and compiled by Siddhartha Basu aNew DelhibPenguin Books in association with BBC Worldwidec2001 a507p, 20 cm. aQuizzes  aRecreation aIndoor Games aBasu, Siddhartha, ed cBK c1949d52428